ბათუმის შოთა რუსთაველის სახელმწიფო უნივერსიტეტის ბიბლიოთეკა

Задачи по теории вероятностей. Основные понятия. Предельные теоремы. Случайные процессы. (ბიბ.ჩანაწერი № 35860)

000 -LEADER
fixed length control field 00811nam a2200241Ia 4500
001 - CONTROL NUMBER
control field 1751
003 - CONTROL NUMBER IDENTIFIER
control field GE_BSU
008 - FIXED-LENGTH DATA ELEMENTS--GENERAL INFORMATION
fixed length control field 181216s||||||||xx |||||||||||||| ||und||
040 ## - CATALOGING SOURCE
Transcribing agency GE_BSU
080 ## - UNIVERSAL DECIMAL CLASSIFICATION NUMBER
Universal Decimal Classification number 519.2(075.8)
100 ## - MAIN ENTRY--PERSONAL NAME
Personal name Прохоров,А.В.
245 ## - TITLE STATEMENT
Title Задачи по теории вероятностей. Основные понятия. Предельные теоремы. Случайные процессы.
245 ## - TITLE STATEMENT
Remainder of title Учебное пособие для студ.
260 ## - PUBLICATION, DISTRIBUTION, ETC.
Place of publication, distribution, etc. Москва
260 ## - PUBLICATION, DISTRIBUTION, ETC.
Name of publisher, distributor, etc. Наука
260 ## - PUBLICATION, DISTRIBUTION, ETC.
Date of publication, distribution, etc. 1986
300 ## - PHYSICAL DESCRIPTION
Extent 326стр. 21см.
653 ## - INDEX TERM--UNCONTROLLED
Uncontrolled term Задачи по теории вероятностей.
653 ## - INDEX TERM--UNCONTROLLED
Uncontrolled term Предельные теоремы.
653 ## - INDEX TERM--UNCONTROLLED
Uncontrolled term Случайные процессы
942 ## - ADDED ENTRY ELEMENTS (KOHA)
Koha item type წიგნი
ეგზემპლარები
Withdrawn status Lost status Damaged status Not for loan Date acquired Barcode Date last seen Price effective from Koha item type Public note
        2018-12-17 3632 2018-12-17 2018-12-17 წიგნი დარბაზი